000 00686nam a22002177a 4500
003 OSt
005 20260427064719.0
008 260427b |||||||| |||| 00| 0 eng d
020 _a0-07-303181-x
040 _aDWC-Main lib
_cOC
082 _aCirc. 808.0427 El37 2000
100 _aElbow, Peter
245 _aA community of writers :
_ba workshop course in writing /
_cPeter Elbow
260 _aBoston :
_bMcGraw-Hill,
_cc2000.
300 _axxvii, 576 pages ;
_c23 cm.
504 _aIncludes bibliographical references and index
650 _a1. College readers
650 _a2. English language - Rhetoric
650 _a3. Report writing.
942 _2ddc
_cBK-CIRC
_hCirc.
_n0
999 _c9943
_d9943